000 00363 a2200169 4500
001 56881
020 _a8508101546
040 _cAnchieta - Pituba
100 _aNogueira, Armando
240 1 0 _aO mundo é uma bola
_lpor
245 1 0 _aO mundo é uma bola
300 _a128
362 0 _a2006
440 1 _aÁtica
650 4 _aLiteratura juvenil
942 _cBK
999 _c56881
_d56881